[Event "Nonalaya Ricardo Online op"]
[Site "Chess.com INT"]
[Date "2020.07.19"]
[Round "7"]
[White "Calleja Morales, Miguel Angel"]
[Black "Sanchez Villena, Ruben Alexander"]
[Result "1-0"]
[WhiteElo "2043"]
[BlackElo "1303"]
[PlyCount "59"]
[EventDate "2020.07.19"]
[EventType "swiss (blitz)"]
[EventRounds "9"]
[EventCountry "PER"]
[SourceTitle "CBM 197 Extra"]
[Source "ChessBase"]
[SourceDate "2020.09.30"]
[SourceVersion "1"]
[SourceVersionDate "2020.09.30"]
[SourceQuality "1"]

1. e4 e5 2. Nf3 Nc6 3. Bb5 d6 4. 0-0 Bd7 5. c3 a6 6. Ba4 Nf6 7. Re1 h5 8. h3 Be7 9. d4 exd4 10. cxd4 b5 11. Bc2 Qc8 12. Kh2 Ng4+ 13. Kg1 Nf6 14. e5 dxe5 15. dxe5 Ng8 16. Be4 Rb8 17. Nc3 Kf8 18. Nd5 Bxh3 19. Nxe7 Ngxe7 20. gxh3 Qxh3 21. Nh2 Rd8 22. Qf3 Qxf3 23. Nxf3 Nd4 24. Nxd4 Rxd4 25. Bg5 g6 26. Rad1 Rxd1 27. Rxd1 Nf5 28. Rd8+ Kg7 29. Bf6+ Kh6 30. Rxh8# 1-0

[Event "Nonalaya Ricardo Online op"]
[Site "Chess.com INT"]
[Date "2020.07.19"]
[Round "1"]
[White "Chumpitaz Carbajal, Ann"]
[Black "Sanchez Villena, Ruben Alexander"]
[Result "1-0"]
[WhiteElo "2244"]
[BlackElo "1303"]
[PlyCount "65"]
[EventDate "2020.07.19"]
[EventType "swiss (blitz)"]
[EventRounds "9"]
[EventCountry "PER"]
[SourceTitle "CBM 197 Extra"]
[Source "ChessBase"]
[SourceDate "2020.09.30"]
[SourceVersion "1"]
[SourceVersionDate "2020.09.30"]
[SourceQuality "1"]

1. e4 e6 2. d4 d5 3. Bd3 dxe4 4. Bxe4 Nf6 5. Bf3 Nc6 6. Ne2 Bb4+ 7. c3 Ba5 8. Bg5 h6 9. Bxf6 gxf6 10. Nd2 e5 11. d5 Ne7 12. Nc4 Bd7 13. Nxa5 b6 14. Nb3 Rb8 15. Qc2 Ng6 16. 0-0-0 Nf4 17. Nxf4 exf4 18. Rhe1+ Kf8 19. h3 Qc8 20. d6 cxd6 21. Rxd6 Bf5 22. Qd2 Kg7 23. Qxf4 Rb7 24. g4 Bg6 25. Qxf6+ Kh7 26. Bxb7 Qxb7 27. Nd2 Qc8 28. f4 Qc7 29. f5 Bxf5 30. Qxf5+ Kg8 31. Re8+ Kg7 32. Qf6+ Kh7 33. Rxh8# 1-0

[Event "Lima Palma Memorial 2nd"]
[Site "Lima"]
[Date "2016.09.25"]
[Round "7.13"]
[White "Palomino Taipe, Celso"]
[Black "Sanchez Villena, Ruben Alexander"]
[Result "1-0"]
[WhiteElo "1339"]
[BlackElo "1313"]
[PlyCount "67"]
[EventDate "2016.09.09"]
[EventType "swiss"]
[EventRounds "7"]
[EventCountry "PER"]
[SourceTitle "EXT 2024"]
[Source "ChessBase"]
[SourceDate "2023.10.10"]
[SourceVersion "1"]
[SourceVersionDate "2023.10.10"]
[SourceQuality "1"]

1. e4 e5 2. Nf3 Nc6 3. Bb5 Qf6 4. 0-0 Nd4 5. Nxd4 exd4 6. d3 Qe5 7. Bc4 b5 8. Bb3 Bb7 9. Qf3 Qf6 10. Qxf6 gxf6 11. Bf4 d6 12. Nd2 h5 13. Nf3 c5 14. Rfe1 Nh6 15. a4 b4 16. Bc4 a6 17. Nd2 Ng4 18. f3 Ne5 19. Bxe5 fxe5 20. Rf1 Bh6 21. Nb3 Be3+ 22. Kh1 Rc8 23. Na5 Bc6 24. Bxa6 Ra8 25. Bb5 Rxa5 26. Bxc6+ Ke7 27. g3 Rg8 28. Kg2 Rg6 29. Bd5 h4 30. b3 Bf4 31. g4 Rg7 32. Kh3 Kd7 33. Rg1 Kc7 34. Rg2 1-0

[Event "Lima Palma Memorial 2nd"]
[Site "Lima"]
[Date "2016.09.18"]
[Round "5.18"]
[White "Benavides Conza, Diego Angelo"]
[Black "Sanchez Villena, Ruben Alexander"]
[Result "1/2-1/2"]
[WhiteElo "1399"]
[BlackElo "1313"]
[PlyCount "73"]
[EventDate "2016.09.09"]
[EventType "swiss"]
[EventRounds "7"]
[EventCountry "PER"]
[SourceTitle "EXT 2024"]
[Source "ChessBase"]
[SourceDate "2023.10.10"]
[SourceVersion "1"]
[SourceVersionDate "2023.10.10"]
[SourceQuality "1"]

1. c4 e6 2. Nc3 Nf6 3. g3 Bb4 4. Bg2 Nc6 5. Nf3 d5 6. cxd5 Nxd5 7. a3 Nxc3 8. bxc3 Bd6 9. 0-0 Bd7 10. d3 h6 11. Be3 Qe7 12. Qb3 Rb8 13. Rfc1 0-0 14. c4 Ne5 15. d4 Nxf3+ 16. Bxf3 Qf6 17. c5 Be7 18. Qc3 Bc6 19. Bxc6 bxc6 20. Rab1 Qf5 21. Rb4 h5 22. Bf4 Bg5 23. Bxg5 Qxg5 24. Rcb1 Rbc8 25. Rb7 Qg4 26. f3 Qf5 27. Qd3 Qf6 28. Rxa7 Rfd8 29. Qe4 Rxd4 30. Qxc6 Qe5 31. Qb5 Qe3+ 32. Kf1 Re8 33. Qb3 Qe5 34. Ra5 h4 35. Kf2 hxg3+ 36. hxg3 Rd2 37. Qe3 1/2-1/2